Dimenzie udržateľného rozvoja, udržateľná spotreba a udržateľný marketing

Piliere udržateľného rozvoja - environmentálny, ekonomický, sociálny. Národná stratégia pre trvalo udržateľný rozvoj SR z roku 2001. Stratégie udržateľného rozvoja vo vybraných štátoch – výzvy a zdroje poučenia. Východiská zodpovedného podnikania, udržateľná spotreba, udržateľný marketing, zodpovedn...

Descripción completa

Guardado en:
Detalles Bibliográficos
Autor principal: Oreský, Milan, 1956-
Formato: Capítulo de libro
Lenguaje:eslovaco
Materias:
Etiquetas: Agregar Etiqueta
Sin Etiquetas, Sea el primero en etiquetar este registro!

MARC

LEADER 00000nla$a2200000$$$4500
001 0145705
005 20240502072629.5
041 0 |a slo 
044 |a SK 
245 1 0 |a Dimenzie udržateľného rozvoja, udržateľná spotreba a udržateľný marketing  |c Milan Oreský 
520 |a Piliere udržateľného rozvoja - environmentálny, ekonomický, sociálny. Národná stratégia pre trvalo udržateľný rozvoj SR z roku 2001. Stratégie udržateľného rozvoja vo vybraných štátoch – výzvy a zdroje poučenia. Východiská zodpovedného podnikania, udržateľná spotreba, udržateľný marketing, zodpovedný spotrebiteľ. Ekonomika služieb a tokov. 
610 2 0 |a rozvoj trvalo udržateľný 
610 2 0 |a stratégia hospodárska 
610 2 0 |a Slovensko 
610 2 0 |a Európska únia 
610 2 0 |a svet 
610 2 0 |a podnikanie zodpovedné 
100 1 |a Oreský, Milan, 1956-